| 000 | 01374cab a22002055a 4500 | ||
|---|---|---|---|
| 001 | L150120 | ||
| 008 | 100604s2010 xxk 000 0 eng d | ||
| 035 | _a(Sirsi) u150120 | ||
| 110 | 2 |
_aUnited Kingdom _bDepartment for Communities and Local Government _bPlanning Portal _95103 |
|
| 245 | 0 | 0 |
_aGovernment signals legislation to change planning regime _h[electronic resource] |
| 260 | _c2010 | ||
| 490 |
_aPlanning Portal News Release _v27 May 2010 |
||
| 520 | _aProposes a Localism Bill and a second bill to revoke the previous governments plans to create unitary councils in Exeter, Norwich and Suffolk. These proposals will shift power from the state to local communities and strengthen local planning. The Localism Bill will legislate for some of the Coalition commitments including returning decision making on housing and planning to local councils by abolishing Regional Spatial Strategies and giving more powers for communities to help save local facilities and services threatened with closure. | ||
| 590 | _aKA NTK | ||
| 650 | 2 | 4 | _aDECENTRALISATION AND LOCALISM BILL |
| 651 | 4 |
_aEngland and Wales _y1543- |
|
| 690 | _aENVIRONMENTAL AND LAND CONSULTANCY-PLANNING AND DEVELOPMENT | ||
| 856 | 4 | 8 |
_uhttps://www.planningportal.gov.uk/general/news/stories/2010/may2010/2010_05_week_3/270510_1 _zView the website free of charge at www.planningportal.gov.uk |
| 942 | _n0 | ||
| 999 |
_c82406 _d82406 |
||